000 01984nam a22003853i 4500
001 EBC7153660
003 MiAaPQ
005 20240128195949.0
007 cr cnu||||||||
008 240128s2022 xx o ||||0 ger d
020 _a9783839453612
_q(electronic bk.)
020 _z9783837653618
040 _aMiAaPQ
_beng
_cMiAaPQ
245 1 0 _aÄsthetik digitaler Medien :
_bAktuelle Perspektiven
_cMartina Ide (Hg.)
264 1 _aBielefeld :
_btranscript,
_c2022.
264 4 _c©2022.
300 _a1 online resource (233 pages)
336 _aText
_btxt
_2rdacontent
337 _aComputermedien
_bc
_2rdamedia
338 _aOnline Resource
_bcr
_2rdacarrier
490 0 _aDigitale Gesellschaft ;
_v31
500 _aE-Book-ProQuest / Fernzugriff nach Registrierung möglich
520 _an einer immer umfassenderen Weise bestimmen digitale Technologien und soziale Medien Auswahl, Form und Inhalt der Wahrnehmung - und produzieren dabei immer wieder neue (Un-)Sichtbarkeiten. Kulturelle Praktiken als Repertoire von Zeichen, Symbolen und Verhaltensweisen unterliegen einer ständigen Transformation und Bedeutungsumwandlung. Diese Entwicklungsdynamik im Spannungsfeld autooperationaler Formen und kultureller Praxis fordert für die visuell gestützten digitalen Medien eine neue Kategorisierung und Hinterfragung ihrer Ästhetik. Wie ändern sich im Zeitalter der Digitalisierung Begriff und Definition des Ästhetischen und was bedeutet ästhetische Erfahrung im Kontext digitaler Medien?
650 7 _2gnd
_aNeue Medien
650 7 _aMedienästhetik
_919912
650 7 _aDigitalisierung
_2gnd
650 7 _aÄsthetik
655 _aAufsatzsammlung
_9210
655 _aFernzugriff
_9230
655 4 _aElectronic books.
700 _4edt
_aIde, Martina
_eeditor
_960682
830 0 _aDigitale Gesellschaft
_960683
856 4 0 _uhttps://ebookcentral.proquest.com/lib/maxweberstiftung-ebooks/detail.action?docID=7153660
_zVolltext
942 _cEB
_2z
999 _c70271
_d70271